Albert Gleizes : (Record no. 22443)

000 -LEADER
fixed length control field 01210cam a22003014a 4500
001 - CONTROL NUMBER
control field 12238298
005 - DATE AND TIME OF LATEST TRANSACTION
control field 20170124104807.0
008 - FIXED-LENGTH DATA ELEMENTS--GENERAL INFORMATION
fixed length control field 001122s2001 ctua b 001 0beng
010 ## - LIBRARY OF CONGRESS CONTROL NUMBER
LC control number 00054076
020 ## - INTERNATIONAL STANDARD BOOK NUMBER
International Standard Book Number 0300089643 (alk. paper)
040 ## - CATALOGING SOURCE
Original cataloging agency DLC
Transcribing agency DLC
Modifying agency DLC
042 ## - AUTHENTICATION CODE
Authentication code pcc
043 ## - GEOGRAPHIC AREA CODE
Geographic area code e-fr---
050 00 - LIBRARY OF CONGRESS CALL NUMBER
Classification number ND553
Item number .G63B76 2001
100 1# - MAIN ENTRY--PERSONAL NAME
Personal name Brooke, Peter,
Dates associated with a name 1948-
245 10 - TITLE STATEMENT
Title Albert Gleizes :
Remainder of title for and against the twentieth century /
Statement of responsibility, etc. Peter Brooke.
260 ## - PUBLICATION, DISTRIBUTION, ETC. (IMPRINT)
Place of publication, distribution, etc. New Haven :
Name of publisher, distributor, etc. Yale University Press,
Date of publication, distribution, etc. c2001.
300 ## - PHYSICAL DESCRIPTION
Extent xi, 333 p. :
Other physical details ill. (some col.) ;
Dimensions 28 cm.
504 ## - BIBLIOGRAPHY, ETC. NOTE
Bibliography, etc Includes bibliographical references (p. [301]-308) and index.
600 10 - SUBJECT ADDED ENTRY--PERSONAL NAME
Personal name Gleizes, Albert,
Dates associated with a name 1881-1953.
600 10 - SUBJECT ADDED ENTRY--PERSONAL NAME
Personal name Gleizes, Albert,
Dates associated with a name 1881-1953
General subdivision Friends and associates.
650 #0 - SUBJECT ADDED ENTRY--TOPICAL TERM
Topical term or geographic name as entry element Painters
Geographic subdivision France
Form subdivision Biography.
650 #0 - SUBJECT ADDED ENTRY--TOPICAL TERM
Topical term or geographic name as entry element Cubism
Geographic subdivision France.
942 ## - ADDED ENTRY ELEMENTS (KOHA)
Source of classification or shelving scheme
Koha item type Hard Covered Materials
Classification part ND553 .G63B76 2001

No items available.

© Machakos University Library, Along The Highway, Machakos Wote Rd, Machakos, Kenya P.O. Box 136 - 90100 Machakos - Kenya

Tel: ( +254 ) 723 805829 OR Fax : 044-20353 OR Email: library@mksu.ac.ke